000 01045nam a2200253Ia 4500
999 _c64466
_d64466
003 GCL
005 20240530110733.0
008 140319s9999 xx 000 0 ara d
040 _aGCL /
_cGCL
082 0 4 _a158 \
_bع ع
100 1 _aعبدالمنعم الحفنى
245 1 0 _aعلم النفس فى حياتنا اليومية :
_bفى التعليم والتربية والتجارة والصناعة والادب والفن وفى الحرب والسلام والعلاج وفى البيت والمصنع والشارع /
_cعبدالمنعم الحفنى
250 _aالاولى
260 _aالقاهرة :
_bمكتبة مدبولى ،
_c1995
300 _a712 ص ؛
_c22 سم
490 _aالموسوعة النفسية
650 0 4 _aعلم النفس
650 0 4 _aالعلاقات الانسانية
650 0 4 _aعلم النفس التطبيقى
650 0 4 _aعلم النفس الصناعى
650 0 4 _aعلم النفس العسكرى
650 0 4 _aعلم النفس التجارى
942 _2ddc
_cBK